MateKIT - matematikai oktatóprogram - Fizikus módszer

Elmentve itt :
Bibliográfiai részletek
Szerző: Kovács János
Testületi szerző: Szegedi Innovatív Informatika Verseny (9.)
Dokumentumtípus: Könyv része
Megjelent: SZTE TTIK Informatikai Intézet Szeged 2023
Sorozat:Szegedi Innovatív Informatika Verseny
Kulcsszavak:Szoftverfejlesztés, Programozás - számítógép, Tanulmányi verseny - informatika - középiskola
Tárgyszavak:
Online Access:http://acta.bibl.u-szeged.hu/89580
LEADER 00882naa a2200205 i 4500
001 acta89580
005 20260226084848.0
008 260226s2023 hu o 100 hun d
040 |a SZTE Egyetemi Kiadványok Repozitórium  |b hun 
041 |a hun 
100 1 |a Kovács János 
245 1 0 |a MateKIT - matematikai oktatóprogram - Fizikus módszer  |h [elektronikus dokumentum] /  |c  Kovács János 
260 |a SZTE TTIK Informatikai Intézet  |b Szeged  |c 2023 
300 |a 67-70 
490 0 |a Szegedi Innovatív Informatika Verseny 
650 4 |a Természettudományok 
650 4 |a Számítás- és információtudomány 
695 |a Szoftverfejlesztés, Programozás - számítógép, Tanulmányi verseny - informatika - középiskola 
711 |a Szegedi Innovatív Informatika Verseny (9.)  |c Szeged  |d 2023 
856 4 0 |u http://acta.bibl.u-szeged.hu/89580/1/sziiv_2023_067-070.pdf  |z Dokumentum-elérés